Представление документа в формате RUSMARC

ПолеНазваниеЗначение
  Тип записи a
  Библиографический уровень m
001 Контрольный номер UONB/MAIN/964aa6de56804786b3aa5ec9b099b4ea
005 Дата корректировки 20260418121212.0
010 Индекс ISBN __
d Цена 27 к.
9 Тираж 40000 экз.
100 Данные общей обработки __
a Данные общей обработки 20260418d1975 u y0rusy018902 ca
101 Язык документа 0_
a Язык текста rus
102 Страна публикации __
a Страна публикации RU
105 Кодированные данные (монография) __
a Кодированные данные (монография) a z 000zb
200 Заглавие и сведения об ответственности 1_
a Заглавие Корнелиу Баба
f Первые сведения об ответственности Н. Е. Элиасберг
210 Выходные данные 1_
a Место издания Москва
c Издательство Изобразительное искусство
d Дата издания 1975
215 Физическое описание __
a Объем 55 с.
c Иллюстрации/тип воспроизводства ил.
d Формат 14 см
225 Серия 1_
a Серия Прогрессивные художники мира
600 Персоналии _1
a Персоналии (Фамилия) Корнелиу
b Персоналии (Имя, инициалы) Б.
g Полное имя Баба
606 Тематические рубрики 0_
a Основная рубрика Румынская живопись
z Хронологическая подрубрика 20 в.
610 Ключевые слова 0_
a Ключевые слова румынская живопись 20 в.; прогрессивные художники мира
686 Индексы других классификаций __
a Классификационный индекс 85.143(4Р)
2 Код системы rubbk
700 Автор _1
a Фамилия Элиасберг
b Имя (инициалы) Н. Е.
g Полное личное имя Нора Ефимовна
801 Источник записи _0
a Страна RU
b Организация Ульяновская ОНБ
c Дата составления 20260418
g Правила каталогизации RCR
801 Источник записи _1
a Страна RU
b Организация Ульяновская ОНБ
c Дата составления 20260418
g Правила каталогизации RCR
901 Тип документа __
t Тип документа m
909 Создатель записи __
a Создатель записи Мартьянова
b Дата создания записи 20260418